HISTOIRE DES SCIENCE ARABES ( V - 1 ) ASTRONOMIE THEARIQUE ET APPLIQUEE ( V - 2 ) MATHEMATIQUE ET PHYSIQUE( V - 3 ) TECHNOLOGIE ALCHIMIE ET SCIENCES DE LA VIE / (Record no. 16283)
[ view plain ]
| 000 -الفاتح | |
|---|---|
| حقل البيانات ثابتة الطول | 00630nam a2200193Ia 4500 |
| 008 - عناصر البيانات ثابتة الطول - معلومات عامة | |
| حقل البيانات ثابتة الطول | 140319s9999 xx 000 0 eng d |
| 040 ## - مصدر الفهرسة | |
| وكالة الفهرسة الأصلية | GCL / |
| وكالة النسخ | GCL |
| 082 04 - رقم تصنيف ديوى العشرى | |
| رقم التصنيف | 509.174927 |
| رقم المادة | R H |
| 100 1# - المدخل الرئيسى - إسم شخصى | |
| الإسم الشخصى | MOSELON, REGIS |
| 245 10 - بيان العنوان | |
| العنوان | HISTOIRE DES SCIENCE ARABES ( V - 1 ) ASTRONOMIE THEARIQUE ET APPLIQUEE ( V - 2 ) MATHEMATIQUE ET PHYSIQUE( V - 3 ) TECHNOLOGIE ALCHIMIE ET SCIENCES DE LA VIE / |
| بيان المسئوليه,etc | MOSELON, REGIS |
| 700 1# - المدخل الاضافى - اسم شخصى | |
| الإسم الشخصى | RASHED, RASHEDI |
| 260 ## - PUBLICATION, DISTRIBUTION, ETC. (IMPRINT) | |
| تاريخ النشر أو التوزيع | 1997 |
| 650 04 - المدخل الاضافى بالموضوع-مصطلح موضوعى | |
| مصطلح موضوعي | TECHNOLOGY |
| 650 04 - المدخل الاضافى بالموضوع-مصطلح موضوعى | |
| مصطلح موضوعي | MATHEMATICS |
| 650 04 - المدخل الاضافى بالموضوع-مصطلح موضوعى | |
| مصطلح موضوعي | ASTRONOMY |
| 650 04 - المدخل الاضافى بالموضوع-مصطلح موضوعى | |
| مصطلح موضوعي | SCIENCE - HISTORY - ARABS |
| 942 ## - عناصر المدخل الإضافي( كوها) | |
| مصدر التصنيف او مخطط الترفيف | Dewey Decimal Classification |
| Koha [default] item type | كتاب |
| 260 ## - PUBLICATION, DISTRIBUTION, ETC. (IMPRINT) | |
| -- | [S.N] : |
| -- | SEUIL ، |
| حالة التراجع | حالة الفقد | حالة تلف | ليس للاعارة | المكان المؤقت | الموقع الحالى | تاريخ الاكتساب | اجمالي اﻻعارات | رقم الطلب | الباركود | تاريخ اخر مشاهدة | تاريخ تفعيل السعر | نوع وعاء كوها |
|---|---|---|---|---|---|---|---|---|---|---|---|---|
| مكتبة القاهرة الكبرى | مكتبة القاهرة الكبرى | 03/26/2014 | 509.174927\R H | 29678 | 03/26/2014 | 03/26/2014 | كتاب | |||||
| مكتبة القاهرة الكبرى | مكتبة القاهرة الكبرى | 03/26/2014 | 509.174927\R H | 29679 | 03/26/2014 | 03/26/2014 | كتاب | |||||
| مكتبة القاهرة الكبرى | مكتبة القاهرة الكبرى | 03/26/2014 | 509.174927\R H | 29680 | 03/26/2014 | 03/26/2014 | كتاب |

